000 00290nam a22001337a 4500
008 171016b xxu||||| |||| 00| 0 eng d
020 _a9780256160741
041 _aeng
080 _23RD
_a33
100 _a52
101 _aEKO
245 _aURBAN ECONOMICS
_cOSULLIVAN,A
942 _2udc
_cBK
999 _c34065
_d34065